Valparaíso y los ingleses en tres siglos

Enregistré dans:
Détails bibliographiques
Auteur principal: Vicuña Mackenna, Benjamín, 1831-1886 (Auteur)
Format: Livre
Langue:espagnol
Publié: Viña del Mar Ediciones Altazor 2010
Sujets:
Tags: Ajouter un tag
Pas de tags, Soyez le premier à ajouter un tag!

MARC

LEADER 00000cam a2200000 a 4500
001 UCF4353
003 CL-VaPUC
008 121130e20100000CL |||||||||||||||||spa|d
020 |a 9789567472819 
082 0 4 |a 983  |b VIC  |2 21 
100 |a Vicuña Mackenna, Benjamín,  |d 1831-1886  |x Político e historiador   |z Chile   |e author  |9 374 
245 1 0 |a Valparaíso y los ingleses en tres siglos 
300 |a 80 p 
942 |c BK 
945 |d 20121130 00:00:00  |a dcastane 
260 |a Viña del Mar  |b Ediciones Altazor  |c 2010 
650 0 |a Historia de Chile  |9 265473 
650 0 |a Historia de Valparaíso  |9 460237 
650 7 |a INGLESES  |2 CL-VaPUC  |9 565870 
583 |a last modification  |c 20121130 23:21:00  |k Rodrigo Vera 
999 |c 350160  |d 350158 
952 |0 0  |1 0  |4 0  |6 983_000000000000000_VIC_2010  |7 0  |8 A  |9 453364  |a BIBING  |b BIBING  |d 2019-11-22  |i 4930568  |o 983 VIC 2010  |p 4930568  |r 2025-01-20  |w 2019-11-22  |y BK  |k CUI